000
00321nam a22001457a 4500
008
221011b ||||| |||| 00| 0 eng d
020
_a
1555424783
041
_a
eng
080
_a
159.9
082
_a
159.9 CAP
100
_a
24.1
101
_a
PSI
245
_a
MENTAL HEALTH CONSULTATION
_c
CAPLAN G
942
_2
udc
_c
BK
999
_c
58471
_d
58471